000
00336nam a22001457a 4500
008
221121b ||||| |||| 00| 0 eng d
020
_a
2901119257263
041
_a
eng
080
_2
SIXTH EDITION
_a
61
082
_a
61WHI
100
_a
4
101
_a
MJK
245
_a
ADULT DEVELOPMENT AND AGING
_c
WHITBOURNE K.S
942
_2
udc
_c
BK
999
_c
58992
_d
58992